International Journal of Cyber Criminology

Detalles Bibliográficos
Formato: Desconocido
Lenguaje:inglés
Publicado: Tirunelveli : International Journal of Cyber Criminology, 2007-
Materias:
Acceso en línea:http://www.vlex.com/source/7313

MARC

LEADER 00000 a2200000 4500
005 20130325175713.0
007 cr|||| ||||
008 130325t19249999ii fr|p s|||| 0|||a1eng d
035 |a 7313 
040 |a vLex 
090 |c 4015  |d 4015 
245 0 0 |a International Journal of Cyber Criminology  |h [Recurso electrn̤ico] 
256 |a Servicio en ln̕ea 
260 |a Tirunelveli :  |b International Journal of Cyber Criminology,   |c 2007- 
300 |a 1 Recurso electrn̤ico 
506 |d vLex Global  |d vLex Global (Academic Edition, excluding Law Schools)  |d vLex Global (U.S. Academic Edition, Law Schools)  |d vLex Global (U.S. Academic Edition, excluding Law Schools)  |d vLex Global (Academic Edition, Law Schools) 
650 0 4 |a Criminologa̕  |v Revistas 
650 0 4 |a Tecnologa̕  |v Revistas 
740 |a vLex Revistas (Servicio en ln̕ea) 
856 |a Acceso restringido  |u http://www.vlex.com/source/7313 
942 |c REV 
999 0 |a Criminology